| 000 | 00444nam a2200157 i 4500 | ||
|---|---|---|---|
| 001 | 70257 | ||
| 003 | ES-MaACL | ||
| 005 | 20230906170752.0 | ||
| 007 | t| | ||
| 008 | 040721s1960 sp ||||1| spa d | ||
| 100 | 1 |
_aGarcía-Ramos, Alfonso. _955153 |
|
| 245 | 1 | 0 |
_aTeneyda _b: novela / _cAlfonso García-Ramos. |
| 260 |
_aSanta Cruz de Tenerife : _bIris, _c1960. |
||
| 300 |
_a75 p., 10 lám. ; _c17 cm. |
||
| 852 |
_aES-MaACL _jC-18095 _bR.45947 |
||
| 999 |
_c70257 _d70257 |
||